000 00319nam a2200133Ia 4500
008 231017s9999 xx 000 0 und d
082 _a352.56
082 _bSUS
245 0 _aSustainable Federal Facilities
245 0 _cNational Academy Press
260 _bNational Academy Press
300 _c30cm
942 _cREP
999 _c603528
_d603528